Geography Trivia - Statistics

General Stats
  • This quiz has been taken 51 times
    37 since last reset
  • The average score is 10 of 26
Answer Stats
Question Answer % Correct
In what country is the Yukon? Canada
94%
What artificial waterway connects the Pacific Ocean to the Atlantic Ocean? Panama Canal
91%
What is the least populated country in the United Kingdom? Northern Ireland
84%
In what country is the deepest lake in the world located? Russia (Lake Baikal)
75%
Which country has the second largest population in the world? India
69%
What ocean does the International Date Line pass through? Pacific
59%
Which contiguous U.S. state borders only one other state? Maine
56%
What mainland U.S. state has the longest coastline? Florida
50%
What is the only U.S. state with a royal palace? Hawaii
47%
Which country exports the most olive oil? Spain
44%
What country invented the Piña Colada? United States (Puerto Rico)
41%
Name the oceans of the world in ALPHABETICAL order. Arctic
38%
Atlantic
38%
How many U.S. states are in two different time zones? 13
34%
Indian
34%
Pacific
31%
Which U.S. state has the largest Amish population? Pennsylvania
25%
What is the oldest city in France? Marseille (Founded in 600 BC)
22%
Which U.S. state has the largest stadium? Michigan Stadium in Ann Arbor
22%
Southern
22%
Which U.S. airport is the biggest by surface area? Denver International Airport / DIA
13%
What is the only U.S. state that doesn't have a rectangular flag? Ohio
13%
What is the world's oldest airline? KLM (Founded in the Netherlands in 1919)
9%
Which U.S. city has the most coffee shops per capita? Berkeley, California
6%
Where is the world's oldest university? Fez, Morocco
6%
What is the oldest capital city in North America? Santa Fe, New Mexico
3%
No matching quizzes found
Score Distribution
Percent of People with Each Score
Percentile by Number Answered
Your Score History
You have not taken this quiz since the last reset